Personnages Mario nombre d'apparitions - Statistiques

Statistiques générales
  • Ce quiz a été pris 96 fois
  • Le résultat moyen est 8 sur 10
Statistiques - réponses
Indice Nombre d'Apparition Réponse % Correct
Plombier Moustachu 21 Mario
100%
Frère du Plombier 17 Luigi
98%
Princesse du Royaume Champignon 18 Peach
98%
Grosse Tortue 18 Bowser
96%
Résident du Royaume Champignon 5 Toad
91%
Princesse du Royaume de Sarasaland 2 Daisy
86%
Princesse des Étoiles 4 Harmonie
81%
Petit champignon brun 17 Goomba
58%
Petite Tortue 19 Koopa Troopa
37%
Petite tortue, principalement dans des jeux Yoshi 5 Kamek
16%
Aucun quiz correspondant
Distribution des résultats
% des personnes avec chaque résultat
Percentile par nombre de réponses
Votre historique - résultats
Vous n’avez pas pris ce quiz